Statistics for U.S. Politics - 116th Congress

Click here to take the quiz!

General Stats

  • This quiz has been taken 348 times
  • The average score is 12 of 15

Answer Stats

HintAnswer% Correct
What party controls the Senate?Republican
100%
What party controls the House?Democratic
99%
Who is the Speaker of the House?Nancy Pelosi
98%
How many members belong to the Senate?100
97%
Who is the Senate Majority Leader?Mitch McConnell
96%
How old do you have to be to be elected to the House?25
95%
What branch of government do these houses fall under?Legislative
92%
How old do you have to be to be elected to the Senate?30
91%
Who is the Senate Minority Leader?Chuck Schumer
91%
How many members belong to the House of Representatives?435
82%
Who is the House Minority Leader?Kevin McCarthy
71%
Who is the youngest member of the House?Alexandria Ocasio-Cortez
69%
Who is the House Majority Leader?Steny Hoyer
45%
What day does a new Congress convene?January 3
43%
Who is the youngest member of the Senate?Josh Hawley
40%

Score Distribution

Percentile by Number Answered

Percent of People with Each Score

Your Score History

You have not taken this quiz